[Event "It (open)"]
[Site "masterchessopen.com Groningen (Netherlands)"]
[Round "0"]
[White "Andruet Gilles (FRA)"]
[Black "Bofill Mas Alejandro (ESP)"]
[Result "0-1"]
[WhiteElo "2430"]
[BlackElo "2344"]

1.d4 Nf6 2.c4 g6 3.g3 Bg7 4.Bg2 d5 5.cxd5 Nxd5 6.e4 Nb4 7.Ne2 Bxd4 8.Qb3 N8c6
9.a3 Be6 10.Qd1 Bxb2 {#R} 0-1

[Event "Ch Finland"]
[Site "masterchessopen.com Helsinki (Finland)"]
[Round "0"]
[White "Lindstedt Johan (FIN)"]
[Black "Kekki Petri (FIN)"]
[Result "0-1"]
[WhiteElo "2243"]
[BlackElo "2335"]

1.c4 Nf6 2.d4 g6 3.g3 Bg7 4.Bg2 d5 5.cxd5 Nxd5 6.e4 Nb4 7.d5 O-O 8.a3 N4a6
9.Ne2 c6 10.O-O cxd5 11.exd5 Nd7 12.Nbc3 Ne5 13.b3 Bg4 14.Be3 Nf3+ 15.Kh1 Nxh2
16.Kxh2 Bxc3 17.Rc1 Bg7 18.d6 Qxd6 19.Qxd6 exd6 20.Nf4 Nc5 21.b4 Ne6 22.Nxe6
fxe6 23.Bxb7 Rab8 24.Rc7 Rf7 25.Rfc1 Rxb7 {#R} 0-1

[Event "Ch URS (1 liga) (cat.9)"]
[Site "masterchessopen.com Klaipeda (Lithuania)"]
[Round "7"]
[White "Shirov Alexei (ESP)"]
[Black "Gavrikov Viktor (LTU)"]
[Result "1/2-1/2"]
[WhiteElo "2713"]
[BlackElo "2545"]

1.d4 Nf6 2.c4 g6 3.g3 Bg7 4.Bg2 d5 5.cxd5 Nxd5 6.e4 Nb4 7.a3 N4c6 8.d5 Nd4
9.Ne2 c5 10.O-O O-O 11.Nxd4 cxd4 12.Nd2 Na6 13.b4 Nc7 14.Bb2 Nb5 15.Nb3 Qb6
16.Rc1 e6 17.Re1 e5 18.Nc5 Bh6 19.Rc2 Nd6 20.f4 f6 21.Rf2 a5 22.Qb3 axb4
23.axb4 Re8 24.Ref1 Bg7 25.fxe5 fxe5 26.Bc1 Qb5 27.Re1 Qc4 28.Qb1 Qc3 29.Bd2
Qa3 30.Bc1 Qc3 31.Bd2 {#d} 1/2-1/2

[Event "It \"]
[Site "masterchessopen.com Prague (Czech Republic)"]
[Round "0"]
[White "Mozny Milos (CZE)"]
[Black "Schmidt Wlodzimierz (POL)"]
[Result "1/2-1/2"]
[WhiteElo "2346"]
[BlackElo "2465"]

1.d4 Nf6 2.c4 g6 3.g3 Bg7 4.Bg2 d5 5.cxd5 Nxd5 6.e4 Nb4 7.d5 c6 8.a3 Qa5 9.Nc3
cxd5 10.Be3 N4c6 11.exd5 Ne5 12.Ne2 O-O 13.b4 Qd8 14.O-O Nbd7 15.Bd4 Nb6 {#d}
1/2-1/2

[Event "It (open) \"]
[Site "masterchessopen.com Copenhagen (Denmark)"]
[Round "4"]
[White "Ingbrandt Johan (SWE)"]
[Black "Borge Nikolaj (DEN)"]
[Result "0-1"]
[WhiteElo "2397"]
[BlackElo "2408"]

1.d4 Nf6 2.c4 g6 3.g3 Bg7 4.Bg2 d5 5.cxd5 Nxd5 6.e4 Nb4 7.d5 O-O 8.Nc3 e6 9.a3
N4a6 10.Nge2 c6 11.O-O Nc7 12.Nf4 b6 13.Re1 e5 14.Nd3 c5 15.b4 cxb4 16.axb4
Bd7 17.Bb2 Re8 18.Na4 Nb5 19.f4 f6 20.Qd2 Nd6 21.Qc2 Bb5 22.Nc3 Bc4 23.Rac1
Na6 24.b5 Nxb5 25.Nxb5 Bxb5 26.Bh3 Bxd3 27.Qxd3 Nc5 28.Rxc5 bxc5 29.d6 Qb6
30.Qd5+ Kh8 31.d7 Qxb2 32.dxe8=Q+ Rxe8 33.Qxc5 Qd2 34.Rf1 exf4 35.gxf4 Bf8
36.Qxa7 Qc3 37.Qd7 Qe3+ 38.Kh1 Qxe4+ 39.Bg2 Qe3 40.Rb1 Rb8 41.Rf1 Bc5 42.Qf7
Bd4 43.Bc6 Rc8 44.Bg2 Qd3 45.Re1 Bc3 46.Rf1 Rd8 47.Rf3 Qd1+ 48.Rf1 Qd4 49.Qe7
Bb4 50.Qc7 Rd7 51.Qc6 Ra7 52.Qe6 Ra1 53.Qc8+ Kg7 54.Qb7+ Kh6 55.Qf3 Rxf1+
56.Bxf1 f5 57.Kg2 Bd6 58.Qf2 Qb4 59.Kg3 g5 60.Kg2 Bxf4 61.Bd3 Kg6 62.Qe2 Qb7+
63.Kg1 Qb6+ 64.Kg2 Qc6+ 65.Kh3 h5 66.Bxf5+ Kxf5 67.Qc2+ Qe4 68.Qc5+ Qe5
69.Qf8+ Qf6 {#R} 0-1

[Event "Ch Europe (team)"]
[Site "masterchessopen.com Haifa (Israel)"]
[Round "0"]
[White "Hoelzl Franz (AUT)"]
[Black "Groszpeter Attila (HUN)"]
[Result "1-0"]
[WhiteElo "2336"]
[BlackElo "2515"]

1.d4 Nf6 2.c4 g6 3.g3 Bg7 4.Bg2 d5 5.cxd5 Nxd5 6.e4 Nb4 7.d5 O-O 8.Ne2 c6
9.Nbc3 e6 10.Be3 Re8 11.a3 N4a6 12.O-O e5 13.Qb3 c5 14.Nb5 b6 15.Nec3 Nc7
16.Nxc7 Qxc7 17.Rfd1 a6 18.Rac1 Qd6 19.Qa4 Bd7 20.Qc4 Bf8 21.f4 b5 22.Qe2 c4
23.fxe5 Rxe5 24.Bd4 Bg7 25.Bxe5 Bxe5 26.Bf3 Bc8 27.Bg4 Nd7 28.Bxd7 Bxd7 29.Kg2
Rb8 30.Rd2 Re8 31.Qf3 Re7 32.Re1 Be8 33.Ne2 a5 34.Rc1 Bg7 35.a4 Qb4 36.Nc3
bxa4 37.d6 Rd7 38.Qf4 a3 39.bxa3 Qxa3 40.Ne2 c3 41.Rdc2 Qxd6 42.Nxc3 Be5
43.Qf2 Qd4 44.Qf3 Kg7 45.Ne2 Qb4 46.Rc5 Re7 47.R1c4 Qb2 48.Rc2 Qb4 49.Nf4 Bxf4
50.R5c4 Qb1 51.Qxf4 Bb5 52.Rf2 Bxc4 53.Qf6+ Kg8 54.Qxe7 Be6 55.Qd8+ Kg7
56.Qd4+ Kh6 57.h4 Qb7 58.Qe5 Qb3 59.g4 f5 60.gxf5 Bc4 61.Qf4+ Kg7 62.Qe5+ {#r}
1-0

[Event "Ch Armed Forces (team)"]
[Site "masterchessopen.com Leningrad (Russia)"]
[Round "0"]
[White "Makarov Marat (RUS)"]
[Black "Novik Maxim (RUS)"]
[Result "1/2-1/2"]
[WhiteElo "2523"]
[BlackElo "2462"]

1.d4 Nf6 2.c4 g6 3.g3 Bg7 4.Bg2 d5 5.cxd5 Nxd5 6.e4 Nb4 7.d5 c6 8.a3 Qa5 9.Nc3
cxd5 10.Be3 Nc2+ 11.Qxc2 d4 12.Bxd4 Bxd4 13.Ne2 Nc6 14.O-O O-O 15.Nd5 Qd8
16.Nxd4 Nxd4 17.Qc4 e5 18.f4 Be6 19.fxe5 Nc6 20.Qb5 Rb8 21.Nf6+ Kg7 22.Rad1
Qb6+ 23.Qxb6 axb6 24.Nd5 b5 25.Rc1 Rfc8 26.Rc5 Nd4 27.Rxc8 Rxc8 28.Nc3 Rc5
29.Rd1 Nc6 30.Rd6 Nxe5 31.Rb6 Nd3 32.Rxb7 Nxb2 33.Rxb5 Rxc3 34.Rxb2 Rxa3
35.Kf2 Kf6 36.Bf3 Ra2 37.Rxa2 Bxa2 38.Ke3 Ke5 39.Bd1 Bb1 40.Bf3 Bc2 41.Bg2 h6
42.h4 Ba4 43.Bf1 Bc2 44.Bc4 f6 45.Bd5 f5 46.Bf7 {#d} 1/2-1/2

[Event "It (open) \"]
[Site "masterchessopen.com Cologne (Germany)"]
[Round "7"]
[White "Bany Jerzy (POL)"]
[Black "Seger Ruediger (GER)"]
[Result "1/2-1/2"]
[WhiteElo "2420"]
[BlackElo "2390"]

1.d4 Nf6 2.c4 g6 3.g3 Bg7 4.Bg2 d5 5.cxd5 Nxd5 6.e4 Nb4 7.d5 c6 8.a3 Qa5 9.Nc3
cxd5 10.Be3 d4 11.axb4 Qd8 12.Bd2 dxc3 13.bxc3 O-O 14.Ne2 Nc6 15.b5 Ne5 16.O-O
Bg4 17.f3 Qb6+ 18.Kh1 Bd7 19.Nd4 Nc4 20.Bg5 e5 21.Nf5 Bxb5 22.Nxg7 Ne3 23.Bxe3
Qxe3 24.Re1 Qd3 25.Nf5 gxf5 26.Qc1 f6 27.Rd1 Qc4 28.exf5 Bc6 29.Qe3 Rfd8 30.g4
Qb3 31.Rg1 Qc2 32.Qh6 Rd6 33.Raf1 Rad8 34.g5 Qxf5 35.gxf6 Qxf6 36.Qe3 Kh8
37.Qxa7 Rd3 38.Qc5 Rxf3 39.Rxf3 Bxf3 40.Qf2 Bxg2+ 41.Qxg2 Qc6 42.Qxc6 bxc6
43.Rg4 Rd6 44.h4 Rg6 {#d} 1/2-1/2

[Event "It \"]
[Site "masterchessopen.com Prague (Czech Republic)"]
[Round "6"]
[White "Mozny Milos (CZE)"]
[Black "Pares Vives Jose (ESP)"]
[Result "1/2-1/2"]
[WhiteElo "2375"]
[BlackElo "2270"]

1.d4 Nf6 2.c4 g6 3.g3 Bg7 4.Bg2 d5 5.cxd5 Nxd5 6.e4 Nb4 7.d5 O-O 8.a3 N4a6
9.Nc3 c6 10.Nge2 cxd5 11.exd5 Nd7 12.O-O Ne5 13.h3 Nc4 14.b3 Nd6 15.Be3 Nf5
16.Bf4 Bd7 17.b4 Nc7 18.Rc1 Nb5 19.Nxb5 Bxb5 20.a4 Bxe2 21.Qxe2 Nd6 22.Qe3 Qd7
23.Rfe1 Rfe8 24.a5 Nf5 25.Qd2 Rac8 26.Rc5 Nd4 27.Qd1 b6 28.axb6 axb6 29.Rxc8
Rxc8 30.Bg5 Re8 31.Be3 e5 32.dxe6 Rxe6 33.Qd2 Rd6 34.Qa2 h5 35.Rc1 Kh7 36.Bf4
Qe6 37.Qxe6 Rxe6 38.Kf1 Ne2 39.Rc6 Nxf4 40.gxf4 Bh6 41.f5 gxf5 42.Bd5 Rxc6
{#d} 1/2-1/2

[Event "It \"]
[Site "masterchessopen.com Prague (Czech Republic)"]
[Round "7"]
[White "Gregor Jiri (CZE)"]
[Black "Pribyl Martin (CZE)"]
[Result "0-1"]
[WhiteElo "1647"]
[BlackElo "2215"]

1.d4 Nf6 2.c4 g6 3.g3 d5 4.cxd5 Nxd5 5.Bg2 Bg7 6.e4 Nb4 7.d5 c5 8.a3 N4a6
9.Nc3 O-O 10.Nge2 Nd7 11.O-O c4 12.Be3 Nac5 13.Qc2 Nb3 14.Rad1 Ne5 15.h3 Nd3
16.Nf4 Ndc5 17.Rfe1 a6 18.Na2 b5 19.Nb4 Qd6 20.Nc6 Bb7 21.e5 Qd7 22.e6 Qd6
23.Bxc5 Nxc5 24.Nxe7+ Qxe7 25.d6 Qf6 26.e7 Rfe8 27.Bxb7 Nxb7 28.d7 Rxe7 29.Nd5
Rxe1+ 30.Rxe1 Qd6 31.Re8+ Bf8 32.Qe4 Rd8 33.Qd4 f6 34.Nxf6+ Kf7 35.Qe4 Kxf6
36.Qxb7 Rxd7 37.Rxf8+ Kg7 38.Qa8 Qxf8 39.Qxa6 Qd6 40.Qxb5 Qd5 41.Qb4 Qd1+ {#R}
0-1

[Event "It (cat.10)"]
[Site "masterchessopen.com Dortmund (Germany)"]
[Round "0"]
[White "Romanishin Oleg M (UKR)"]
[Black "Mihalcisin Adrian (SLO)"]
[Result "0-1"]
[WhiteElo "2600"]
[BlackElo "2520"]

1.d4 Nf6 2.c4 g6 3.g3 Bg7 4.Bg2 d5 5.cxd5 Nxd5 6.e4 Nb4 7.Nf3 Bxd4 8.O-O N8c6
9.Nxd4 Qxd4 10.Nc3 Be6 11.Nd5 Qxd1 12.Rxd1 O-O-O 13.Bf4 Rd7 14.Nxc7 Rxc7 15.a3
Bb3 16.axb4 Bxd1 17.Bxc7 Kxc7 18.b5 Nd4 19.Rxd1 Rd8 20.Ra1 Nxb5 21.Bf1 Nd6
22.e5 Nc8 23.Rc1+ Kb8 24.Rc3 f6 25.exf6 exf6 26.h4 Rd2 27.b3 f5 28.Kg2 Nd6
29.Rd3 Ne4 30.Rf3 Kc7 31.Bc4 Kd6 32.h5 Ke5 33.hxg6 hxg6 34.Bf7 Kf6 35.Bc4 a6
36.Bd3 {#R} 0-1

[Event "Match \"]
[Site "masterchessopen.com Spain"]
[Round "0"]
[White "Zaichik Gennadi (USA)"]
[Black "Fernandez Garcia Jose Luis (ESP)"]
[Result "0-1"]
[WhiteElo "2457"]
[BlackElo "2470"]

1.d4 Nf6 2.c4 g6 3.g3 Bg7 4.Bg2 d5 5.cxd5 Nxd5 6.e4 Nb4 7.a3 N4c6 8.d5 Nd4
9.Ne2 Bg4 10.Nbc3 c6 11.O-O Nf3+ 12.Kh1 h5 13.h3 Nd7 14.Ng1 Nh2 15.f3 Nxf1
16.Bxf1 Ne5 17.fxg4 hxg4 18.h4 Qb6 19.Qe2 Bh6 20.Kg2 O-O-O 21.b4 Kb8 22.Bb2 f6
23.b5 cxb5 24.Nxb5 Be3 25.Bxe5+ fxe5 26.Qxg4 Bxg1 27.Qg5 Qf2+ 28.Kh3 Qf6
29.Qxf6 exf6 30.Be2 Bc5 31.Rc1 Bb6 32.Bg4 a6 33.Nc3 Rh7 34.Rf1 Rd6 35.Be6 Bd8
36.Rf3 g5 37.Kg4 gxh4 38.gxh4 Rb6 39.h5 Rg7+ 40.Kh3 Rb3 41.d6 Rxa3 42.Bf5 Rg5
43.Kh4 Ba5 44.h6 Rxc3 45.h7 Rxf3 46.h8=Q+ Ka7 47.Qxf6 Rg8 48.Qe6 Bd8+ 49.Kh5
Rg5+ 50.Kh6 Rf4 51.Bg6 Rf6 {#R} 0-1

[Event "It"]
[Site "masterchessopen.com Kecskemet (Hungary)"]
[Round "2"]
[White "Antic Dejan (SRB)"]
[Black "Leko Peter (HUN)"]
[Result "1/2-1/2"]
[WhiteElo "2493"]
[BlackElo "2385"]

1.d4 Nf6 2.c4 g6 3.g3 Bg7 4.Bg2 d5 5.cxd5 Nxd5 6.e4 Nb4 7.a3 N4c6 8.d5 Nd4
9.Ne2 c5 10.O-O O-O 11.Nxd4 cxd4 12.Nd2 e6 13.b4 exd5 14.exd5 Nd7 15.Bb2 Nb6
16.Ne4 Nxd5 17.Bxd4 Nf6 18.Bxf6 Bxf6 19.Nxf6+ Qxf6 20.Qf3 Qb6 21.Qe3 Qxe3
22.fxe3 Re8 23.Bd5 Re7 24.Rxf7 Rxf7 25.Rf1 Bf5 26.g4 Rd8 27.Bxf7+ Kxf7 28.gxf5
Rd3 29.Rc1 Rxe3 30.fxg6+ Kxg6 31.Rc7 Rxa3 32.Rxb7 Ra2 33.b5 h5 34.b6 {#d}
1/2-1/2

[Event "It"]
[Site "masterchessopen.com Kecskemet (Hungary)"]
[Round "4"]
[White "Antic Dejan (SRB)"]
[Black "Junge Ralf (GER)"]
[Result "1-0"]
[WhiteElo "2493"]
[BlackElo "2330"]

1.d4 Nf6 2.c4 g6 3.g3 Bg7 4.Bg2 d5 5.cxd5 Nxd5 6.e4 Nb4 7.a3 N4c6 8.d5 Nd4
9.Ne2 c5 10.Nxd4 cxd4 11.O-O e6 12.Nd2 O-O 13.b4 exd5 14.exd5 Na6 15.Bb2 Nc7
16.Nb3 Nxd5 17.Nxd4 Nb6 18.Rc1 Rb8 19.Re1 Bd7 20.Qf3 Ba4 21.Qf4 Qd7 22.Ba1
Rbc8 23.Rc5 Rfd8 24.Nf5 Rxc5 25.Nxg7 Rd5 26.Nh5 gxh5 27.Qf6 {#r} 1-0

[Event "Staatsliga B"]
[Site "masterchessopen.com Austria"]
[Round "0"]
[White "Danner Georg (AUT)"]
[Black "Spiegel Wilfried (AUT)"]
[Result "0-1"]
[WhiteElo "2340"]
[BlackElo "2044"]

1.d4 Nf6 2.c4 g6 3.g3 Bg7 4.Bg2 d5 5.cxd5 Nxd5 6.e4 Nb4 7.d5 c6 8.Ne2 cxd5
9.exd5 Bf5 10.O-O O-O 11.Nec3 Bd3 12.d6 N8c6 13.a3 Bxf1 14.Kxf1 Qa5 15.Be3
Rfd8 16.Nd2 Bxc3 17.bxc3 Nd5 {#R} 0-1

[Event "It \"]
[Site "masterchessopen.com Budapest (Hungary)"]
[Round "0"]
[White "Deak Sandor (HUN)"]
[Black "Zezulkin Jurij (BLR)"]
[Result "0-1"]
[WhiteElo "2299"]
[BlackElo "2450"]

1.d4 Nf6 2.c4 g6 3.g3 Bg7 4.Bg2 d5 5.cxd5 Nxd5 6.e4 Nb4 7.Ne2 Bxd4 8.O-O Bg7
9.Qa4+ N4c6 10.Rd1 Bd7 11.Nbc3 O-O 12.Be3 Qc8 13.Qc2 Bh3 14.Bh1 Ne5 15.Nd5
Nbc6 16.Nd4 Re8 17.f3 Nxd4 18.Bxd4 c6 19.Nf4 Bd7 20.Qc3 Nxf3+ 21.Bxf3 e5
22.Bf2 exf4 23.Bd4 Bxd4+ 24.Qxd4 Bg4 25.Bxg4 Qxg4 26.e5 Qg5 27.Qxf4 Qxe5
28.Qxe5 Rxe5 29.Rd7 Rb5 30.Rf1 Rf8 31.b3 g5 32.Re1 a5 33.Kg2 Kg7 34.Kh3 h5
35.Re3 Kg6 36.Ree7 b6 37.Rd6+ f6 38.Rxc6 Rd8 39.Re2 Rdd5 40.Kg2 g4 41.h3 Kg5
42.Rc8 gxh3+ 43.Kxh3 Kg6 44.Rc6 Rf5 45.Re8 Rbd5 46.Rg8+ Kf7 47.Rcc8 Rf2
48.Rgf8+ Kg6 49.Rg8+ Kf5 50.Rh8 Rd1 51.Rxh5+ Kg6 52.Rch8 Rh1+ 53.Kg4 Rxh5 {#R}
0-1

[Event "Ch Europe (team)"]
[Site "masterchessopen.com Debrecen (Hungary)"]
[Round "0"]
[White "Hort Vlastimil (GER)"]
[Black "Fernandez Aguado Juan Luis (ESP)"]
[Result "1/2-1/2"]
[WhiteElo "2560"]
[BlackElo "2314"]

1.d4 Nf6 2.c4 g6 3.g3 Bg7 4.Bg2 d5 5.cxd5 Nxd5 6.e4 Nb4 7.d5 c6 8.a3 Qa5 9.Nc3
cxd5 10.Be3 d4 11.axb4 Qd8 12.Bxd4 Qxd4 13.Qxd4 Bxd4 14.Nd5 Na6 15.b5 e6
16.bxa6 exd5 17.Ne2 Bb6 18.axb7 Bxb7 19.exd5 O-O-O 20.Nc3 Rhe8+ 21.Kf1 Kb8
22.Bf3 Bd4 23.Nb5 Bb6 24.Nc3 Bd4 25.Nb5 {#d} 1/2-1/2

[Event "Ch Spain (team)"]
[Site "masterchessopen.com Spain"]
[Round "8"]
[White "Bernal Moro Luis Javier (ESP)"]
[Black "Fernandez Garcia Jose Luis (ESP)"]
[Result "1/2-1/2"]
[WhiteElo "2431"]
[BlackElo "2470"]

1.d4 Nf6 2.c4 g6 3.g3 Bg7 4.Bg2 d5 5.cxd5 Nxd5 6.e4 Nb4 7.d5 c6 8.a3 Qa5 9.Nc3
cxd5 10.Bf4 N4c6 11.exd5 Nd4 12.Nf3 Bg4 13.O-O O-O 14.Re1 Nd7 15.h3 Bxf3
16.Bxf3 e5 17.dxe6 fxe6 18.Bg2 Rad8 19.Rc1 Qf5 20.Ne4 Ne5 21.Bxe5 Bxe5 22.Qg4
b6 23.Qxf5 exf5 24.Nc3 Rfe8 25.Nd5 Kf8 26.Kf1 {#d} 1/2-1/2

[Event "It (open)"]
[Site "masterchessopen.com Dortmund (Germany)"]
[Round "10"]
[White "Lau Dietmar (GER)"]
[Black "Pielnik Rainer (GER)"]
[Result "0-1"]
[WhiteElo "2229"]
[BlackElo "2150"]

1.d4 Nf6 2.c4 g6 3.g3 Bg7 4.Bg2 d5 5.cxd5 Nxd5 6.e4 Nb4 7.a3 N4c6 8.d5 Nd4
9.Nc3 O-O 10.f4 e5 11.h4 c5 12.h5 Qb6 13.Rb1 Nd7 14.h6 Bh8 15.f5 gxf5 16.exf5
Nxf5 17.Rh5 Ne7 18.d6 Ng6 19.Bg5 c4 20.Nge2 Nc5 21.Kf1 Nd3 22.Ne4 f5 23.Nf6+
Rxf6 {#R} 0-1

[Event "Ch Finland (team)"]
[Site "masterchessopen.com Finland"]
[Round "0"]
[White "Lindstedt Johan (FIN)"]
[Black "Holmsten Aleksei (FIN)"]
[Result "1/2-1/2"]
[WhiteElo "2243"]
[BlackElo "2350"]

1.d4 Nf6 2.c4 g6 3.g3 Bg7 4.Bg2 d5 5.cxd5 Nxd5 6.e4 Nb4 7.d5 c6 8.a3 N4a6
9.Nc3 e6 10.Nge2 O-O 11.O-O Nc7 12.dxe6 Nxe6 13.Qc2 c5 14.Rd1 Nd4 15.Nxd4 cxd4
16.Nd5 Nc6 17.b4 Be6 18.Bb2 Rc8 19.Qe2 Re8 20.Qb5 a6 21.Qxb7 Bxd5 22.exd5 Nb8
23.Rac1 Rxc1 24.Bxc1 Re7 25.Qa8 Be5 26.d6 Qxd6 27.Qd5 Qxd5 28.Bxd5 Rd7 29.Be4
Rd6 30.Kf1 Nd7 31.Bb2 Nb6 32.f4 Bg7 33.Rc1 d3 34.Bxg7 d2 35.Rd1 Kxg7 36.Ke2
Na4 37.Rxd2 Nc3+ 38.Ke3 Rxd2 39.Kxd2 Nxe4+ 40.Kd3 Nd6 41.a4 Kf6 42.Kd4 Ke6
43.Kc5 a5 44.bxa5 Kd7 45.Kb6 Kc8 46.Kc6 Nc4 47.a6 Kb8 48.Kd7 Ne3 49.h3 Nf1
50.g4 Ne3 51.Ke7 f5 52.gxf5 gxf5 53.Kf6 Ka7 54.Kg5 Kxa6 55.Kh6 Nd5 56.Kg5 Ne3
57.Kh6 {#d} 1/2-1/2

[Event "Match \"]
[Site "masterchessopen.com Helsinki (Finland)"]
[Round "0"]
[White "Bator Robert (SWE)"]
[Black "Holmsten Aleksei (FIN)"]
[Result "1-0"]
[WhiteElo "2380"]
[BlackElo "2350"]

1.d4 Nf6 2.g3 g6 3.Bg2 d5 4.c4 Bg7 5.cxd5 Nxd5 6.e4 Nb4 7.d5 c6 8.Ne2 O-O 9.a3
N4a6 10.Nbc3 Nc7 11.O-O e6 12.Nf4 cxd5 13.exd5 exd5 14.Nfxd5 Nc6 15.Nxc7 Qxc7
16.Nd5 Qd8 17.Bf4 Bxb2 18.Rb1 Bxa3 19.Bc7 Qg5 20.h4 Qh6 21.Nf6+ Kh8 22.Bxc6
bxc6 23.Be5 {#r} 1-0

[Event "Ch Netherlands (team)"]
[Site "masterchessopen.com Netherlands"]
[Round "4"]
[White "Krudde Fitzgerald (NED)"]
[Black "Van Gaalen Bas (NED)"]
[Result "1-0"]
[WhiteElo "2298"]
[BlackElo "2345"]

1.d4 Nf6 2.c4 g6 3.g3 Bg7 4.Bg2 d5 5.cxd5 Nxd5 6.e4 Nb4 7.a4 N4c6 8.d5 Nd4
9.Nc3 O-O 10.Be3 c5 11.Nge2 Bg4 12.O-O Nxe2+ 13.Nxe2 Bxb2 14.Rb1 Ba3 15.Rxb7
Bb4 16.e5 Re8 17.h3 Bxe2 18.Qxe2 Nd7 19.e6 fxe6 20.Bh6 e5 21.d6 Rb8 22.Rxa7
Nf6 23.Qc4+ e6 24.Bg5 e4 25.Rd1 h6 26.Bxh6 Nd7 27.Qxe4 {#r} 1-0

[Event "Memorial M.Chigorin"]
[Site "masterchessopen.com St. Petersburg (Russia)"]
[Round "8"]
[White "Yezersky Vladimir (RUS)"]
[Black "Beshukov Sergei (RUS)"]
[Result "1/2-1/2"]
[WhiteElo "2272"]
[BlackElo "2435"]

1.d4 Nf6 2.c4 g6 3.g3 Bg7 4.Bg2 d5 5.cxd5 Nxd5 6.e4 Nb4 7.d5 c6 8.Ne2 O-O
9.O-O cxd5 10.exd5 Bf5 11.Nbc3 Nc2 12.Rb1 Nb4 13.Ra1 Nc2 {#d} 1/2-1/2

[Event "It (open)"]
[Site "masterchessopen.com Bratislava (Slovakia)"]
[Round "0"]
[White "Tibensky Robert (SVK)"]
[Black "Zagorskis Darius (LTU)"]
[Result "1/2-1/2"]
[WhiteElo "2440"]
[BlackElo "2485"]

1.d4 Nf6 2.c4 g6 3.g3 Bg7 4.Bg2 d5 5.cxd5 Nxd5 6.e4 Nb4 7.d5 c6 8.a3 Qa5 9.Nc3
cxd5 10.Bf4 N4c6 11.exd5 Ne5 12.Qe2 Nbd7 13.Nf3 Nxf3+ 14.Qxf3 Qa6 15.Qe2 Qxe2+
16.Kxe2 Ne5 17.Nb5 O-O 18.Rac1 Bg4+ 19.Ke3 Bf5 20.Bxe5 {#d} 1/2-1/2

[Event "It (cat.13) \"]
[Site "masterchessopen.com Brno (Czech Republic)"]
[Round "0"]
[White "Epishin Vladimir (GER)"]
[Black "Babula Vlastimil (CZE)"]
[Result "1/2-1/2"]
[WhiteElo "2650"]
[BlackElo "2515"]

1.d4 Nf6 2.c4 g6 3.g3 d5 4.cxd5 Nxd5 5.Bg2 Bg7 6.e4 Nb4 7.a3 N4c6 8.d5 Nd4
9.Nc3 O-O 10.Be3 c5 11.Nge2 e5 12.O-O a5 13.h3 b6 14.f4 Ba6 15.Rf2 Nd7 16.f5
Qe7 17.a4 Rab8 18.Bf1 Rbd8 19.g4 Bxe2 20.Nxe2 Qh4 21.Bg2 Bh6 22.Bxh6 Qxh6
23.Ra3 Nf6 24.Qf1 Qh4 25.Nxd4 cxd4 26.fxg6 fxg6 27.Raf3 Kg7 28.Qa6 Nd7 29.Qb7
Qe7 30.Bf1 Rxf3 31.Rxf3 Rf8 32.Rxf8 Kxf8 33.Qc7 Nc5 34.d6 Qf7 35.Qxb6 Nxe4
36.Qd8+ Kg7 37.Qc7 Kf8 38.Qc8+ Kg7 39.Qc7 Kf8 40.Qc8+ Kg7 41.Qc7 Kf8 {#d}
1/2-1/2

[Event "Ch Czech Republic (open)"]
[Site "masterchessopen.com Usti nad Labem (Czech Republic)"]
[Round "0"]
[White "Mozny Milos (CZE)"]
[Black "David Pavel (CZE)"]
[Result "1/2-1/2"]
[WhiteElo "2405"]
[BlackElo "2425"]

1.d4 Nf6 2.c4 g6 3.g3 Bg7 4.Bg2 d5 5.cxd5 Nxd5 6.e4 Nb4 7.d5 c6 8.a3 Qa5 9.Nc3
cxd5 10.Be3 Nc2+ 11.Qxc2 d4 12.Bxd4 Bxd4 13.Ne2 Nc6 14.O-O O-O 15.Nxd4 Nxd4
{#d} 1/2-1/2

[Event "Bundesliga (2nd) South 1995/96"]
[Site "masterchessopen.com Germany"]
[Round "0"]
[White "Steckner Johannes (GER)"]
[Black "Kratochwil Christian (GER)"]
[Result "0-1"]
[WhiteElo "2245"]
[BlackElo "2360"]

1.d4 Nf6 2.c4 g6 3.g3 Bg7 4.Bg2 d5 5.cxd5 Nxd5 6.e4 Nb4 7.a3 N4c6 8.d5 Nd4
9.Ne2 c5 10.Nxd4 cxd4 11.O-O O-O 12.Nd2 Na6 13.b4 Nc7 14.Bb2 Nb5 15.Nb3 Qb6
16.Qd2 Bd7 17.Nc5 Rfd8 18.Na4 Qa6 19.Nc5 Qb6 20.f4 Nc3 21.Nxd7 Rxd7 22.e5 Nxd5
23.Bxd4 Qd8 24.Rfd1 e6 25.Bf3 Rc8 26.Bc5 a6 27.Rac1 Bf8 28.Bxf8 Kxf8 29.Rxc8
Qxc8 30.Rc1 Qd8 31.h4 Qb6+ 32.Qf2 Rc7 33.Rxc7 Qxc7 34.Qc5+ Qxc5+ 35.bxc5 Ke7
36.h5 Kd7 37.h6 Kc6 38.g4 Kxc5 39.f5 Kd4 40.fxg6 fxg6 41.Kf2 Kxe5 42.a4 Kd4
43.a5 g5 44.Bd1 e5 45.Bb3 Nf6 46.Be6 Kc5 47.Bc8 b6 48.axb6 Kxb6 49.Ke3 a5
50.Kd3 Kc5 51.Kc3 a4 52.Be6 e4 53.Bf5 a3 54.Be6 Kd6 55.Bf5 e3 {#R} 0-1

[Event "Bundesliga (2nd) South 1995/96"]
[Site "masterchessopen.com Germany"]
[Round "0"]
[White "Steckner Johannes (GER)"]
[Black "Staiger Frank (GER)"]
[Result "1/2-1/2"]
[WhiteElo "2245"]
[BlackElo "2311"]

1.d4 Nf6 2.c4 g6 3.g3 Bg7 4.Bg2 d5 5.cxd5 Nxd5 6.e4 Nb4 7.a3 N4c6 8.d5 Nd4
9.Ne2 c5 10.O-O O-O 11.Nxd4 cxd4 12.Nd2 e5 13.f4 Na6 14.Nc4 f6 15.a4 b6 16.b3
Nc5 17.b4 Nb7 18.b5 Qc7 19.Qe2 Re8 20.fxe5 fxe5 21.Ba3 Nc5 22.Rf2 {#d} 1/2-1/2

[Event "It (cat.14)"]
[Site "masterchessopen.com Haifa (Israel)"]
[Round "1"]
[White "Akopian Vladimir (ARM)"]
[Black "Svidler Peter (RUS)"]
[Result "1-0"]
[WhiteElo "2625"]
[BlackElo "2635"]

1.d4 Nf6 2.c4 g6 3.g3 Bg7 4.Bg2 d5 5.cxd5 Nxd5 6.e4 Nb4 7.a3 N4c6 8.d5 Nd4
9.Ne2 Bg4 10.Nbc3 Nf3+ 11.Kf1 Nd4 12.h3 Nxe2 13.Nxe2 Bc8 14.Qb3 c6 15.Be3 O-O
16.Kg1 b6 17.Kh2 Bb7 18.Rhd1 Qe8 19.Rac1 Na6 20.Nd4 cxd5 21.exd5 Nc5 22.Qc2 e5
23.Nc6 Nd7 24.Ne7+ Qxe7 25.d6 Qf6 26.Bxb7 Rad8 27.b4 h6 28.Qd3 Rfe8 29.Rc7 e4
30.Bxe4 Ne5 31.Qc2 Rxd6 32.Rxd6 Qxd6 33.Rxa7 Qe6 34.Qd1 h5 35.Qd5 Qf6 36.Kg2
h4 37.g4 Kh7 38.g5 Qe6 39.Qxe6 Rxe6 40.Bd5 {#r} 1-0

[Event "It (open)"]
[Site "masterchessopen.com Mainz (Germany)"]
[Round "4"]
[White "Teske Henrik (GER)"]
[Black "Zagorskis Darius (LTU)"]
[Result "1-0"]
[WhiteElo "2500"]
[BlackElo "2520"]

1.d4 Nf6 2.c4 g6 3.g3 Bg7 4.Bg2 d5 5.cxd5 Nxd5 6.e4 Nb4 7.d5 c6 8.Ne2 cxd5
9.exd5 O-O 10.a3 N4a6 11.O-O Nc7 12.Nbc3 Ne8 13.Bg5 Nd6 14.Re1 h6 15.Bf4 Nd7
16.Rc1 g5 17.Be3 Nc4 18.Bd4 Nxb2 19.Qc2 Nc4 20.Bxg7 Kxg7 21.Nd4 Nd6 22.h4 gxh4
23.Re3 Nf6 24.gxh4 Rg8 25.Rce1 Kf8 26.Qd3 Bg4 27.Rxe7 Qxe7 28.Rxe7 Kxe7
29.Ndb5 Nfe8 30.Kh2 a6 31.Qe3+ Kd8 32.Nxd6 Nxd6 33.Ne4 Nxe4 34.Bxe4 Kd7 35.f3
Bh5 36.Bf5+ Kd6 37.Qf4+ Kc5 38.Qb4+ Kxd5 39.Be4+ Ke6 40.Qb6+ {#r} 1-0

[Event "It \"]
[Site "masterchessopen.com Monaco"]
[Round "7"]
[White "Karpov Anatoly (RUS)"]
[Black "Anand Viswanathan (IND)"]
[Result "1/2-1/2"]
[WhiteElo "2775"]
[BlackElo "2725"]

1.d4 Nf6 2.c4 g6 3.g3 Bg7 4.Bg2 d5 5.cxd5 Nxd5 6.e4 Nb4 7.d5 c6 8.a3 Qa5 9.Nc3
cxd5 10.Bf4 N4c6 11.exd5 Nd4 12.Rc1 O-O 13.Nf3 Bg4 14.h3 Bxf3 15.Bxf3 Qa6
16.Be4 Nd7 17.Be3 Nf5 18.Bxf5 gxf5 19.Qe2 Ne5 20.Qxa6 bxa6 21.Ke2 Nc4 22.Na4
Nxb2 23.Nxb2 Bxb2 24.Rc6 Bxa3 {#d} 1/2-1/2